000 00287cam a2200121 4500
020 _a81892054
050 0 0 _aSF105
_b.K36 2007
100 1 _aKanakaraj P.
245 1 0 _aAnimal Genetics
_c.
260 _aIndia
_bInternational Boook Distributing Company
_c2007
300 _a513p.
942 _cGEN
999 _c1123
_d1123